The enchanted wood / (Record no. 4093)
[ view plain ]
| 000 -LEADER | |
|---|---|
| fixed length control field | 01399nam a22002657a 4500 |
| 001 - CONTROL NUMBER | |
| control field | 4093 |
| 003 - CONTROL NUMBER IDENTIFIER | |
| control field | FISKH |
| 005 - DATE AND TIME OF LATEST TRANSACTION | |
| control field | 20240606140914.0 |
| 008 - FIXED-LENGTH DATA ELEMENTS--GENERAL INFORMATION | |
| fixed length control field | 240606b cb ||||| |||| 00| 0 eng d |
| 020 ## - INTERNATIONAL STANDARD BOOK NUMBER | |
| International Standard Book Number | 9781405272193 |
| 040 ## - CATALOGING SOURCE | |
| Original cataloging agency | FISKH |
| Language of cataloging | eng |
| Transcribing agency | FISKH |
| Modifying agency | FISKH |
| 050 ## - LIBRARY OF CONGRESS CALL NUMBER | |
| Classification number | PZ8.B57 |
| 082 ## - DEWEY DECIMAL CLASSIFICATION NUMBER | |
| Classification number | 823.912 |
| 100 ## - MAIN ENTRY--PERSONAL NAME | |
| Personal name | Blyton Enid |
| Dates associated with a name | 1897-1968 |
| 245 ## - TITLE STATEMENT | |
| Title | The enchanted wood / |
| Statement of responsibility, etc. | Enid Blyton |
| 260 ## - PUBLICATION, DISTRIBUTION, ETC. | |
| Place of publication, distribution, etc. | London : |
| Name of publisher, distributor, etc. | Egmont UK Limited, |
| Date of publication, distribution, etc. | 2014 |
| 300 ## - PHYSICAL DESCRIPTION | |
| Extent | 209 pages : |
| Other physical details | illustrations ; |
| Dimensions | 21 cm |
| 505 ## - FORMATTED CONTENTS NOTE | |
| Formatted contents note | M<br/> |
| 520 ## - SUMMARY, ETC. | |
| Summary, etc. | When Jo, Bessie and Fanny leap over a ditch near their new house in the country, they find themselves in an Enchanted Wood where trees whisper their secrets and magic is everywhere. In the middle of the wood grows the most wonderful tree in the world - The Faraway Tree, with its top-most branches touching the clouds, magical fruit, the exciting Slippery-Slip, and cosy houses set in its vast trunk. The children soon explore the tree, meeting the strange people who live there, including Moon-Face, Silky the pixie and Dame Washalot, and have amazing adventures in the lands that come and go at the top - the Land of Ice and Snow, the Land of the Three Bears, and everyone's favourite - the Land of Take-What-You-Want!.<br/> |
| 521 8# - TARGET AUDIENCE NOTE | |
| Target audience note | 640<br/> |
| Source | Lexile<br/> |
| 521 8# - TARGET AUDIENCE NOTE | |
| Target audience note | M<br/> |
| Source | Raz-Plus<br/> |
| 700 ## - ADDED ENTRY--PERSONAL NAME | |
| Personal name | Enid Blyton |
| 942 ## - ADDED ENTRY ELEMENTS (KOHA) | |
| Source of classification or shelving scheme | Dewey Decimal Classification |
| Koha item type | Books |
| Suppress in OPAC | No |
No items available.
